000 01011nam a22002057a 4500
001 3079
003 FISKH
005 20240202153759.0
008 240202b cb ||||| |||| 00| 0 eng d
020 _a0370012089
040 _aFISKH
_beng
_cFISKH
_dFISKH
082 _a553.8
100 _aGraveston, Mary
245 _aA stone for my keepsake /
_cMary Graveston
260 _aLondon :
_bBodley Head,
_c1971.
300 _a156 pages :
_c22 cm
520 _aOn the wall of an old building in Maidenhead hands a faded document dated November 18, 1803 - an appeal for volunteers to defend England against Napoleon's expected invasion. Among the signatures at the foot of the proclamation the name of Poulton can still be deciphered, and it was the journal kept by the Poulton family from 1776 go 1865 that inspired a descendant, Mary Graveston, to write this romantic, partly, imaginary, story of Eulalia and her ill-fated love for Stephen.
650 _aHistorical
_vJuvenile Literature
942 _2ddc
_cBK
_n0
999 _c3079
_d3079